00283nam a2200121Ia 4500008004100000041000800041100001300049245003000062260001800092300000900110520001200119650003000131230818s9999 xx 000 0 und d aeng aLilicrap aFood And Beverage service bHodder Arnold a493p aGeneral aFood and Beverage service